000 00377nam a2200157Ia 4500
008 100122s9999 xx 000 0 und d
082 _b74493
_a135
100 _aCONSTABLE & ROBINSON
245 _aTHE GIANT BOOK OF DREAMS
250 _a1
260 _c2005
300 _a538
630 _aTHE GIANT BOOK OF DREAMS
730 _aTHE GIANT BOOK OF DREAMS
942 _cBOOK
999 _c390533
_d390530